000 00968nas a2200277 454500
001 19672
005 20260407193506.0
008 260407s1998####ag###########|||spa#d
003 AR-UNSa-BCEJYS
040 _aAR-UNSa-BCEJYS
_bspa
_cAR-UNSa-BCEJYS
080 _a336.71
_xBancos. Sistema bancario
245 1 0 _aInformación de entidades financieras
022 _a1667-345X
264 1 _aBuenos Aires :
_bBanco Central de la República Argentina
_c1998
310 _aFrecuencia: Mensual
505 _aContiene CD
041 _aspa
942 _cSER
590 _aniveau_biblio:s niveau_hierar:1
100 1 _aBanco Central de la República Argentina. Superintendencia de Entidades Financieras y Cambiarias
650 _aBANCOS
650 _aInstituciones financieras
650 _aSector público
650 _aSector privado
856 4 1 _uhttps://biblioeco.unsa.edu.ar/pmb/images/revistas/Informaci?n de Entidades Financieras.jpg
_yImagen de portada
_qimage/jpeg
999 _c8531
_d8531